Сердце (Запись № 9798506)

Подробности
000 -МАРКЕР
контрольное поле 01640nam0a2200361 i 4500
001 - ИДЕНТИФИКАТОР ЗАПИСИ
контрольное поле RU\NLR\BIBL_A\010001655
005 - ИДЕНТИФИКАТОР ВЕРСИИ
контрольное поле 20241103084433.0
010 ## - МЕЖДУНАРОДНЫЙ СТАНДАРТНЫЙ НОМЕР КНИГИ (ISBN)
Номер (ISBN) 9785227046406
021 ## - НОМЕР ГОСУДАРСТВЕННОЙ РЕГИСТРАЦИИ
Код страны российская федерация
Номер 2013-76077
Номер Листа государственной регистраци 5234
035 ## - ДРУГИЕ СИСТЕМНЫЕ НОМЕРА
Идентификатор записи (NLR Aleph) 010001655
100 ## - ДАННЫЕ ОБЩЕЙ ОБРАБОТКИ
Данные общей обработки 20131106d2013 km y0rusy50 ca
101 0# - ЯЗЫК РЕСУРСА
Язык текста, звукозаписи и т.д. русский
Язык оригинала английский
102 ## - СТРАНА ПУБЛИКАЦИИ ИЛИ ПРОИЗВОДСТВА
Страна публикации российская федерация
105 ## - ПОЛЕ КОДИРОВАННЫХ ДАННЫХ: ТЕКСТОВЫЕ МАТЕРИАЛЫ, МОНОГРАФИЧЕСКИЕ
Кодированные данные о монографическом текстовом документе y||||||||||||
200 9# - ЗАГЛАВИЕ И СВЕДЕНИЯ ОБ ОТВЕТСТВЕННОСТИ
Основное заглавие Сердце
Сведения, относящиеся к заглавию единственный справочник о здоровье сердца, который вам понадобится
Первые сведения об ответственности Марк Гиллинов, Стивен Ниссен
Последующие сведения об ответственности [пер. с англ. О.Д. Сидоровой]
210 ## - ПУБЛИКАЦИЯ, РАСПРОСТРАНЕНИЕ И ДР.
Место издания, распространения и т.д. Москва
Имя издателя, распространителя и т. д. Центрполиграф
Дата издания, распространения и т.д. 2013
Место изготовления Тверь
Имя изготовителя Тверской полиграфический комбинат
215 ## - ФИЗИЧЕСКАЯ ХАРАКТЕРИСТИКА
Специфическое обозначение материала и объем 560 с.
300 ## - ОБЩИЕ ПРИМЕЧАНИЯ
Текст примечания Загл. и авт. также на англ. яз.: Heart 411 / Marc Gillinov, Steven Nissen
517 1# - ДРУГИЕ ВАРИАНТЫ ЗАГЛАВИЯ
Связь между полями z48790
Вариант заглавия Heart 411
606 ## - НАИМЕНОВАНИЕ ТЕМЫ КАК ПРЕДМЕТ
Наименование темы Сердце
Формальный подзаголовок Популярные издания
Тематический подзаголовок Болезни
Системный номер авторитетной/нормативной записи 910110
Идентификатор авторитетной/нормативной записи RU\NLR\AUTH\6612524
675 ## - УНИВЕРСАЛЬНАЯ ДЕСЯТИЧНАЯ КЛАССИФИКАЦИЯ (UDC/УДК)
Индекс 616.12(035)
686 1# - ИНДЕКСЫ ДРУГИХ КЛАССИФИКАЦИЙ
Индекс Р410.1я9
700 #1 - ИМЯ ЛИЦА - ПЕРВИЧНАЯ ОТВЕТСТВЕННОСТЬ
Код отношения Автор
Графика поля Кириллица
Материалы, к которым относится поле rus
Начальный элемент ввода Гиллинов
Часть имени, кроме начального элемента ввода М.
Расширение инициалов личного имени Марк
Системный номер авторитетной/нормативной записи 127103
Идентификатор авторитетной/нормативной записи RU\NLR\AUTH\770127127
701 #1 - ИМЯ ЛИЦА - АЛЬТЕРНАТИВНАЯ ОТВЕТСТВЕННОСТЬ
Код отношения Автор
Графика поля Кириллица
Материалы, к которым относится поле rus
Начальный элемент ввода Ниссен
Часть имени, кроме начального элемента ввода С.
Даты 1948-
Расширение инициалов личного имени Стивен
Системный номер авторитетной/нормативной записи 127108
Идентификатор авторитетной/нормативной записи RU\NLR\AUTH\770127132
790 #1 - ИМЯ ЛИЦА - АЛЬТЕРНАТИВНАЯ ФОРМА
Графика поля Латинская
Материалы, к которым относится поле eng
Начальный элемент ввода Gillinov
Часть имени, кроме начального элемента ввода M.
Расширение инициалов личного имени Marc
Системный номер авторитетной/нормативной записи 127111
Идентификатор авторитетной/нормативной записи RU\NLR\AUTH\770127135
790 #1 - ИМЯ ЛИЦА - АЛЬТЕРНАТИВНАЯ ФОРМА
Графика поля Латинская
Материалы, к которым относится поле eng
Начальный элемент ввода Nissen
Часть имени, кроме начального элемента ввода S.
Даты 1948-
Расширение инициалов личного имени Steven
Системный номер авторитетной/нормативной записи 127113
Идентификатор авторитетной/нормативной записи RU\NLR\AUTH\770127137
801 #0 - ИСТОЧНИК ЗАПИСИ
Страна российская федерация
Организация RuMoRKP
Дата составления 20130919
Правила каталогизации RCR
801 #2 - ИСТОЧНИК ЗАПИСИ
Страна российская федерация
Организация РГБ
Дата составления 20131001
801 #1 - ИСТОЧНИК ЗАПИСИ
Страна российская федерация
Организация RuMoRKP
Дата составления 20130919
Источник данных rusmarc
942 ## - ДОПОЛНИТЕЛЬНЫЕ ЭЛЕМЕНТЫ ЗАПИСИ (АБИС)
Тип экземпляра АБИС Книга
980 ## - КОЛЛЕКЦИЯ
Название коллекции НБР

Нет доступных экземпляров.